LIBRARY & INFORMATION CENTRE, KCAET, TAVANUR

ONLINE PUBLIC ACCESS CATALOGUE (OPAC)

Sociology :an introduction to science of society / (Record no. 3199)

MARC details
000 -LEADER
fixed length control field 00382cam a2200145ua 4500
041 ## - LANGUAGE CODE
Language code of text/sound track or separate title eng
082 ## - DEWEY DECIMAL CLASSIFICATION NUMBER
Classification number 301
Item number KOE/SO
100 ## - MAIN ENTRY--AUTHOR NAME
Personal name Koening, Samuel .
245 ## - TITLE STATEMENT
Title Sociology :an introduction to science of society /
260 ## - PUBLICATION, DISTRIBUTION, ETC. (IMPRINT)
Place of publication Newyork :
Name of publisher Barner & Noble ,
Year of publication 1979.
300 ## - PHYSICAL DESCRIPTION
Number of Pages 339 ; .
942 ## - ADDED ENTRY ELEMENTS (KOHA)
Koha item type Books
Holdings
Withdrawn status Lost status Damaged status Home library Current library Date acquired Full call number Accession Number Koha item type
Withdrawn     KAUAET Sanskrit University 07/04/2012 301 3102 Books
Withdrawn     KAUAET Sanskrit University 23/04/2024 301 KOE/SO   Books
Withdrawn     KAUAET Sanskrit University 23/04/2024 301 KOE/SO   Books
free website counter